Southville International School and Colleges
Your cart is empty.
  • Cart
  • Lists
    Public lists Eva Luna New books Lux_list list_1
    Your lists Log in to create your own lists
  • Log in to your account
  • Your cookies
  • Search history
Southville International School and Colleges
  • Advanced search
  • Recent comments
  • Most popular
  • Libraries

Log in to your account

Log in with GOOGLE


If you do not have an external account, but do have a local account, you can still log in:

  1. Home
  2. MARC view: Mathematics of investment /
Normal view MARC view ISBD view

Mathematics of investment / (Record no. 117514)

[ view plain ]
MARC details
000 -LEADER
fixed length control field 00582nam a2200181Ia 4500
008 - FIXED-LENGTH DATA ELEMENTS--GENERAL INFORMATION
fixed length control field 140527s9999 xx 000 0 und d
020 ## - INTERNATIONAL STANDARD BOOK NUMBER
International Standard Book Number 9789712350252
050 ## - LIBRARY OF CONGRESS CALL NUMBER
Classification number HF 5691
Item number .Al465 2013
100 ## - MAIN ENTRY--PERSONAL NAME
Personal name Altares, Priscilla S.
245 ## - TITLE STATEMENT
Title Mathematics of investment /
Statement of responsibility, etc Priscilla S. Altares, Abner A. Aquino, Rosalia R. Arao, et. Al.
260 ## - PUBLICATION, DISTRIBUTION, ETC. (IMPRINT)
Place of publication, distribution, etc Manila :
Name of publisher, distributor, etc Rex Book Store,
Date of publication, distribution, etc c2013.
300 ## - PHYSICAL DESCRIPTION
Extent 301 p. :
Dimensions 26 cm.
500 ## - GENERAL NOTE
General note Includes index and bibliographical references.
521 ## - TARGET AUDIENCE NOTE
Target audience note
650 ## - SUBJECT ADDED ENTRY--TOPICAL TERM
Topical term or geographic name as entry element Life insurance
General subdivision Mathematics
942 ## - ADDED ENTRY ELEMENTS (KOHA)
Call number prefix Local
Koha item type Books
Holdings
Withdrawn status Lost status Damaged status Home library Current library Shelving location Date acquired Total Checkouts Total Renewals Full call number Barcode Date last seen Date checked out Price effective from Koha item type
      College Library College Library Reserve Section 05/28/2014 4 21 HF 5691 .Al465 2013 C18122 05/15/2018 01/31/2017 05/28/2014 Books

Mathematics of investment /

APA

Altares P. S., . (2013). Mathematics of investment. Manila: Rex Book Store.

Chicago

Altares Priscilla S, . 2013. Mathematics of investment. Manila: Rex Book Store.

Harvard

Altares P. S., . (2013). Mathematics of investment. Manila: Rex Book Store.

MLA

Altares Priscilla S, . Mathematics of investment. Manila: Rex Book Store. 2013.

  • Place hold
  • Print
  • Cite
  • Add to your cart (remove)
  • Save record
    BIBTEX Dublin Core MARCXML MARC (non-Unicode/MARC-8) MARC (Unicode/UTF-8) MARC (Unicode/UTF-8, Standard) MODS (XML) RIS
  • More searches
    Search for this title in:
    Other Libraries (WorldCat) Other Databases (Google Scholar) Online Stores (Bookfinder.com) Open Library (openlibrary.org)

Exporting to Dublin Core...

SOUTHVILLE LIBRARY

Southville International School and Colleges Library

1281 Tropical Ave. Cor. Luxembourg St., BF Homes International, Las Pinas City

Tel. No. 8256374 / 252358 Loc. 117/146

Powered by Koha